[Event "BCF-chT2c 1516 (4NCL)"]
[Site "England"]
[Date "2016.05.02"]
[Round "11.231"]
[White "Russell, Christopher"]
[Black "Snuverink, Jochem"]
[Result "1/2-1/2"]
[WhiteElo "2122"]
[BlackElo "2399"]
[PlyCount "101"]
[EventDate "2015.11.14"]
[EventType "team-swiss"]
[EventRounds "11"]
[EventCountry "ENG"]
[SourceTitle "EXT 2017"]
[Source "ChessBase"]
[SourceDate "2016.10.25"]
[SourceVersion "1"]
[SourceVersionDate "2016.10.25"]
[SourceQuality "1"]
[WhiteTeam "Downend & Fishponds"]
[BlackTeam "Kings Head"]
[WhiteTeamCountry "ENG"]
[BlackTeamCountry "ENG"]

1. e4 c5 2. c3 Nf6 3. e5 Nd5 4. d4 cxd4 5. Nf3 Nc6 6. Bc4 e6 7. cxd4 d6 8. 0-0 Be7 9. Qe2 0-0 10. Nc3 dxe5 11. dxe5 Nxc3 12. bxc3 Qa5 13. Bd2 Rd8 14. Rfe1 b6 15. Rab1 Bb7 16. Nd4 Nxd4 17. cxd4 Qa4 18. Be3 Rac8 19. Rbc1 Ba3 20. Bb5 Qb4 21. Rb1 Qe7 22. Qg4 Qf8 23. Bd3 Rc3 24. Red1 Rdc8 25. Rb3 Bd5 26. Rxc3 Rxc3 27. Bb1 f5 28. exf6 Qxf6 29. Qg3 Qd8 30. h4 Be7 31. h5 Bf6 32. h6 Qc7 33. Qh3 gxh6 34. Qxh6 Qg7 35. Qxg7+ Kxg7 36. Kf1 b5 37. Ke2 Ra3 38. Rh1 Bxa2 39. Rxh7+ Kg8 40. Bg6 Bc4+ 41. Kd2 Bg7 42. Rh5 Bd5 43. Rh4 Ra2+ 44. Kc1 Ra1+ 45. Kb2 Ra4 46. Bh7+ Kf7 47. Rf4+ Ke7 48. Bg8 Bf6 49. g4 Bh8 50. Rf7+ Kd6 51. g5 1/2-1/2

[Event "ECF Counties"]
[Site "Warwick"]
[Date "2014.07.12"]
[Round "1.2"]
[White "Snuverink, Jochem"]
[Black "Palliser, Richard"]
[Result "1/2-1/2"]
[WhiteElo "2341"]
[BlackElo "2448"]
[PlyCount "86"]
[EventDate "2014.07.12"]
[EventType "team-match"]
[EventRounds "1"]
[EventCountry "ENG"]
[SourceTitle "CBM 161 Extra"]
[Source "ChessBase"]
[SourceDate "2014.08.29"]
[SourceVersion "1"]
[SourceVersionDate "2014.08.29"]
[SourceQuality "1"]
[WhiteTeam "Middlesex"]
[BlackTeam "Yorkshire"]
[WhiteTeamCountry "ENG"]
[BlackTeamCountry "ENG"]

1. e4 c5 2. Nf3 d6 3. d4 cxd4 4. Nxd4 Nf6 5. Nc3 a6 6. h3 e6 7. g4 Be7 8. Bg2 Nfd7 9. Be3 Nc6 10. Qe2 Nxd4 11. Bxd4 0-0 12. 0-0-0 b5 13. e5 d5 14. Nxd5 exd5 15. Bxd5 Rb8 16. Ba7 Qc7 17. Bxb8 Nxb8 18. Rhe1 Be6 19. Qd3 Nc6 20. Bxe6 fxe6 21. Qb3 Qc8 22. f3 Rf4 23. Qe3 Rc4 24. Kb1 Nb4 25. c3 Nd5 26. Qd3 a5 27. Re4 a4 28. Rxc4 bxc4 29. Qe4 a3 30. Rxd5 exd5 31. Qxd5+ Kf8 32. e6 Qd8 33. Qxd8+ Bxd8 34. b3 Ke7 35. bxc4 Kxe6 36. Kc2 Kd6 37. Kb3 Kc5 38. Kxa3 Kxc4 39. Kb2 g5 40. Kc2 Ba5 41. Kd2 Bxc3+ 42. Ke3 Kd5 43. f4 Bd4+ 1/2-1/2

[Event "Maastricht Limburg op-A 8th"]
[Site "Maastricht"]
[Date "2014.06.07"]
[Round "2"]
[White "Dijkhuis, Sven"]
[Black "Snuverink, Jochem"]
[Result "0-1"]
[WhiteElo "1993"]
[BlackElo "2357"]
[PlyCount "38"]
[EventDate "2014.06.06"]
[EventType "swiss"]
[EventRounds "7"]
[EventCountry "NED"]
[SourceTitle "CBM 160 Extra"]
[Source "ChessBase"]
[SourceDate "2014.07.01"]
[SourceVersion "1"]
[SourceVersionDate "2014.07.01"]
[SourceQuality "1"]

1. e4 c5 2. Nf3 Nc6 3. Nc3 d6 4. d4 cxd4 5. Nxd4 e5 6. Nde2 Nf6 7. g3 Be7 8. Bg5 0-0 9. Bxf6 Bxf6 10. Nd5 Be6 11. c4 Rc8 12. Nec3 Nd4 13. Qd3 b5 14. Nxb5 Bxd5 15. exd5 e4 16. Qb1 Nf3+ 17. Kd1 Qa5 18. b4 Qa4+ 19. Kc1 Qxb5 0-1

[Event "BCF-chT1a 1314 (4NCL)"]
[Site "England"]
[Date "2014.01.11"]
[Round "3.141"]
[White "Hawkins, Jonathan J"]
[Black "Snuverink, Jochem"]
[Result "1-0"]
[WhiteElo "2511"]
[BlackElo "2361"]
[PlyCount "97"]
[EventDate "2013.11.16"]
[EventType "team-tourn"]
[EventRounds "7"]
[EventCountry "ENG"]
[SourceTitle "EXT 2015"]
[Source "ChessBase"]
[SourceDate "2014.11.20"]
[SourceVersion "1"]
[SourceVersionDate "2014.11.20"]
[SourceQuality "1"]
[WhiteTeam "Cheddleton"]
[BlackTeam "Kings Head"]
[WhiteTeamCountry "ENG"]
[BlackTeamCountry "ENG"]

1. d4 Nf6 2. c4 e6 3. Nc3 Bb4 4. e3 0-0 5. Bd3 d5 6. Nf3 c5 7. 0-0 dxc4 8. Bxc4 Nbd7 9. Qe2 b6 10. Rd1 Bb7 11. d5 Bxc3 12. dxe6 Bxf3 13. Qxf3 Ne5 14. Qe2 Qe7 15. exf7+ Kh8 16. bxc3 Ne4 17. Bb2 Nxf2 18. Rf1 Nxc4 19. Qxc4 Ne4 20. Rf4 Nd6 21. Qd3 Nxf7 22. Raf1 Nh6 23. Rxf8+ Rxf8 24. Rxf8+ Qxf8 25. h3 Qf5 26. e4 Qe5 27. Qd5 Qg3 28. Qa8+ Ng8 29. c4 a6 30. Qf8 h6 31. Qf5 b5 32. Qxc5 Qe1+ 33. Kh2 Qxe4 34. cxb5 Qf4+ 35. Kg1 axb5 36. Qxb5 Qe3+ 37. Kh2 Qf4+ 38. Kh1 Nf6 39. a4 Ne4 40. Qe5 Qf1+ 41. Kh2 Nf6 42. a5 Kh7 43. Qe7 Kh8 44. Qd6 Qf2 45. Bxf6 gxf6 46. Qb8+ Kh7 47. a6 f5 48. Qc7+ Kg6 49. Qg3+ 1-0

[Event "BCF-chT1a 1314 (4NCL)"]
[Site "England"]
[Date "2013.11.17"]
[Round "2.131"]
[White "Ghasi, Ameet K"]
[Black "Snuverink, Jochem"]
[Result "1-0"]
[WhiteElo "2466"]
[BlackElo "2361"]
[PlyCount "127"]
[EventDate "2013.11.16"]
[EventType "team-tourn"]
[EventRounds "7"]
[EventCountry "ENG"]
[SourceTitle "EXT 2015"]
[Source "ChessBase"]
[SourceDate "2014.11.20"]
[SourceVersion "1"]
[SourceVersionDate "2014.11.20"]
[SourceQuality "1"]
[WhiteTeam "Grantham Sharks"]
[BlackTeam "Kings Head"]
[WhiteTeamCountry "ENG"]
[BlackTeamCountry "ENG"]

1. Nf3 c5 2. g3 b5 3. e4 Bb7 4. Qe2 e6 5. Bg2 Nc6 6. 0-0 Nf6 7. e5 Nd5 8. Nc3 a6 9. Nxd5 exd5 10. Nh4 g6 11. f4 Bg7 12. c3 d4 13. f5 d3 14. Qe3 Qc7 15. f6 Bf8 16. Nf3 0-0-0 17. a4 b4 18. Qxd3 Na5 19. cxb4 c4 20. Qe2 Nb3 21. Rb1 Bxb4 22. d3 d5 23. Bf4 Rhe8 24. d4 g5 25. Bxg5 Kb8 26. Rbd1 Ka7 27. Bf4 Qb6 28. Qc2 Bc8 29. Qxh7 Be6 30. Qc2 Bd7 31. Qf2 Bxa4 32. Ng5 Rd7 33. Be3 Na5 34. Ra1 Bb5 35. Bh3 Rb7 36. Rfd1 Bd7 37. Bg2 Be6 38. Nxe6 Qxe6 39. Qf3 Rd8 40. g4 Nc6 41. g5 Bf8 42. Bh3 Qe8 43. Qf2 Rdb8 44. Rd2 Rb3 45. Bf5 Nd8 46. h4 Ne6 47. Kg2 Qc6 48. Rc1 a5 49. Rdc2 Ka6 50. h5 Bc5 51. Rd1 Rxe3 52. Qxe3 Rb3 53. Qf2 Nxg5 54. Rc3 Bf8 55. Rxb3 cxb3 56. Qe3 Ne6 57. Qxb3 Bh6 58. Ra1 Nf4+ 59. Kf3 Qc7 60. Qc3 Qxc3+ 61. bxc3 Kb5 62. Bd7+ Kc4 63. Ra3 Nxh5 64. Be8 1-0

[Event "Golden Sands Europe op 1st"]
[Site "Golden Sands"]
[Date "2012.06.11"]
[Round "8"]
[White "Nikolov, Momchil"]
[Black "Snuverink, Jochem"]
[Result "1-0"]
[WhiteElo "2553"]
[BlackElo "2354"]
[PlyCount "76"]
[EventDate "2012.06.04"]
[EventType "swiss"]
[EventRounds "9"]
[EventCountry "BUL"]
[SourceTitle "CBM 148 Extra"]
[Source "ChessBase"]
[SourceDate "2012.06.22"]
[SourceVersion "1"]
[SourceVersionDate "2012.06.22"]
[SourceQuality "1"]

1. Nf3 Nf6 2. c4 e6 3. Nc3 Bb4 4. Qc2 0-0 5. a3 Bxc3 6. Qxc3 d5 7. e3 b6 8. b4 Ne4 9. Qc2 Bb7 10. Bb2 Nd7 11. d3 Ndf6 12. Be2 c5 13. 0-0 Qe7 14. bxc5 Nxc5 15. a4 Rfc8 16. a5 dxc4 17. Qxc4 Ba6 18. Qb4 bxa5 19. Rxa5 Rab8 20. Qa3 Rb3 21. Qa1 Bxd3 22. Rxa7 Qxa7 23. Qxa7 Bxe2 24. Rc1 Rxb2 25. Ne5 h6 26. Qxf7+ Kh7 27. f3 Rb7 28. Qxb7 Nxb7 29. Rxc8 Nd6 30. Rc7 Bb5 31. e4 Ba4 32. g4 Kg8 33. h4 Nfe8 34. Re7 g5 35. Rxe6 Nf7 36. Nxf7 Kxf7 37. Rxh6 gxh4 38. Kh2 Nf6 1-0

[Event "EU-ch 12th"]
[Site "Aix les Bains"]
[Date "2011.04.01"]
[Round "10"]
[White "Libiszewski, Fabien"]
[Black "Snuverink, Jochem"]
[Result "1-0"]
[WhiteElo "2481"]
[BlackElo "2307"]
[PlyCount "97"]
[EventDate "2011.03.22"]
[EventType "swiss"]
[EventRounds "11"]
[EventCountry "FRA"]
[SourceTitle "CBM 142 Extra"]
[Source "ChessBase"]
[SourceDate "2011.06.27"]
[SourceVersion "1"]
[SourceVersionDate "2011.06.27"]
[SourceQuality "1"]

1. e4 c5 2. Nf3 Nc6 3. Nc3 Nf6 4. Bb5 g6 5. e5 Ng4 6. Bxc6 dxc6 7. h3 Nh6 8. d3 Nf5 9. Ne4 Nd4 10. 0-0 Bg7 11. Nxc5 Nxf3+ 12. Qxf3 Bxe5 13. Re1 Bd6 14. Ne4 0-0 15. Bh6 Re8 16. Qf6 exf6 17. Nxf6+ Kh8 18. Rxe8+ Qxe8 19. Nxe8 Be5 20. Re1 Bd7 21. Rxe5 Rxe8 22. Rxe8+ Bxe8 23. Be3 a6 24. Bd4+ Kg8 25. Bf6 Bd7 26. f3 Be6 27. b3 Kf8 28. Kf2 h5 29. Ke3 Ke8 30. Kd4 b6 31. Ke5 Kd7 32. Bg5 c5 33. Be3 Kc6 34. Kf6 b5 35. g4 c4 36. dxc4 bxc4 37. gxh5 cxb3 38. axb3 gxh5 39. h4 Bd5 40. f4 Be4 41. c3 Bc2 42. Kxf7 Bxb3+ 43. Kg6 Kd5 44. f5 Bc2 45. Kg5 Bb3 46. f6 Ke4 47. Bb6 Bf7 48. Kh6 Kd5 49. Kg7 1-0

[Event "EU-ch 12th"]
[Site "Aix les Bains"]
[Date "2011.03.25"]
[Round "4"]
[White "Gelas, Christophe"]
[Black "Snuverink, Jochem"]
[Result "0-1"]
[WhiteElo "2047"]
[BlackElo "2307"]
[PlyCount "88"]
[EventDate "2011.03.22"]
[EventType "swiss"]
[EventRounds "11"]
[EventCountry "FRA"]
[SourceTitle "CBM 142 Extra"]
[Source "ChessBase"]
[SourceDate "2011.06.27"]
[SourceVersion "1"]
[SourceVersionDate "2011.06.27"]
[SourceQuality "1"]

1. d4 Nf6 2. c4 e6 3. Nc3 Bb4 4. Qc2 0-0 5. e4 d5 6. e5 Ne4 7. Bd3 c5 8. Nge2 Nc6 9. 0-0 cxd4 10. Nxe4 dxe4 11. Bxe4 Nxe5 12. Bxh7+ Kh8 13. Bd3 b5 14. b3 bxc4 15. bxc4 Nxd3 16. Qxd3 e5 17. Rb1 Bc5 18. Rb5 Qe7 19. Ng3 Bd7 20. Rxc5 Qxc5 21. Ba3 Qc7 22. Bxf8 Rxf8 23. f4 Be6 24. Ne4 Qxc4 25. Qa3 Rc8 26. f5 Bd5 27. Qh3+ Kg8 28. Nd6 Qc3 29. Nxc8 Qxc8 30. Qa3 Qc2 31. Rf2 Qd1+ 32. Rf1 Qd2 33. Rf2 Qe1+ 34. Rf1 Qe2 35. Rf2 Qe1+ 36. Rf1 Qe2 37. Rf2 Qd1+ 38. Rf1 Qc2 39. Rf2 Qb1+ 40. Rf1 Qb6 41. Kh1 e4 42. Rc1 e3 43. Qd3 Qb2 44. Qf1 Bxg2+ 0-1

[Event "FRA-chT1 1011"]
[Site "France"]
[Date "2010.11.13"]
[Round "2.1"]
[White "Aranovitch, Emiliano"]
[Black "Snuverink, Jochem"]
[Result "1-0"]
[WhiteElo "2335"]
[BlackElo "2279"]
[PlyCount "231"]
[EventDate "2010.10.17"]
[EventType "team-tourn"]
[EventRounds "11"]
[EventCountry "FRA"]
[SourceTitle "EXT 2012"]
[Source "ChessBase"]
[SourceDate "2011.11.24"]
[SourceVersion "1"]
[SourceVersionDate "2011.11.24"]
[SourceQuality "1"]

1. e4 e5 2. Nf3 Nc6 3. Bb5 f5 4. Nc3 fxe4 5. Nxe4 Nf6 6. Nxf6+ Qxf6 7. Qe2 Be7 8. Bxc6 dxc6 9. d4 exd4 10. Bg5 Qe6 11. Qxe6 Bxe6 12. Nxd4 Bd5 13. Bxe7 Kxe7 14. 0-0-0 Rad8 15. Nf5+ Kf6 16. Ne3 Be6 17. Rxd8 Rxd8 18. Rd1 Rd6 19. f4 g5 20. Rf1 gxf4 21. Rxf4+ Kg5 22. Rf8 a5 23. a3 c5 24. g3 Kg6 25. Rf2 b6 26. Ng2 Bc4 27. Nh4+ Kh5 28. Rf5+ Kh6 29. Re5 Re6 30. Nf5+ Kg5 31. Rxe6 Bxe6 32. Ne3 Kf6 33. Nd1 Ke5 34. Nf2 Kd4 35. Kd2 b5 36. g4 b4 37. h4 Bg8 38. g5 Be6 39. c3+ Kc4 40. Ne4 bxa3 41. bxa3 Bf5 42. Ng3 Bb1 43. h5 Kd5 44. Ke3 Ke5 45. Nf1 Kf5 46. Nd2 Bc2 47. Nf3 Kg4 48. g6 Kxh5 49. gxh7 Bxh7 50. Kf4 Bc2 51. Ne5 a4 52. Nd7 Kg6 53. Ke5 Kf7 54. Nxc5 Bb3 55. Na6 Ke7 56. Nxc7 Kd7 57. Na6 Kc6 58. Kd4 Kb6 59. Nb4 Kb5 60. Nd3 Bc4 61. Nb2 Bf1 62. c4+ Ka5 63. Nd1 Bh3 64. Kc5 Bg4 65. Ne3 Be2 66. Nf5 Bf3 67. Nd4 Bd1 68. Nc6+ Ka6 69. Kb4 Kb6 70. Nd4 Bg4 71. Nb5 Bd7 72. Nc3 Bg4 73. Nxa4+ Kc6 74. Nc3 Bf3 75. Nb5 Bg2 76. a4 Bh1 77. Nd4+ Kb7 78. Kc5 Be4 79. Kb5 Bd3 80. a5 Bf1 81. Kb4 Ka6 82. Nb3 Be2 83. Nc5+ Ka7 84. Kb5 Bf1 85. Ne6 Bd3 86. Nd4 Bf1 87. Nc6+ Kb7 88. Nb4 Be2 89. a6+ Ka7 90. Kc5 Kb8 91. Kd4 Kc7 92. Kc5 Kb8 93. Nc6+ Ka8 94. Ne5 Ka7 95. Kb5 Bf1 96. Nc6+ Ka8 97. Ne7 Ka7 98. Nc8+ Kb8 99. Ne7 Ka7 100. Nc6+ Ka8 101. Nb4 Ka7 102. Kc5 Kb8 103. Kd5 Kc7 104. c5 Bg2+ 105. Kc4 Bf1+ 106. Kd4 Be2 107. Ke5 Bf1 108. Kd4 Be2 109. Kc3 Kb8 110. c6 Bf3 111. Kd4 Bg2 112. Kc5 Bf3 113. Kb6 Bg2 114. a7+ Ka8 115. Na6 Bxc6 116. Nc7# 1-0

[Event "Oberliga NRW 0708"]
[Site "Germany"]
[Date "2008.04.06"]
[Round "8.5"]
[White "Heppekausen, Jochen"]
[Black "Snuverink, Jochem"]
[Result "1-0"]
[WhiteElo "2254"]
[BlackElo "2255"]
[PlyCount "147"]
[EventDate "2007.09.16"]
[EventType "team-tourn"]
[EventRounds "9"]
[EventCountry "GER"]
[SourceTitle "EXT 2009"]
[Source "ChessBase"]
[SourceDate "2008.11.26"]
[SourceVersion "1"]
[SourceVersionDate "2008.11.26"]
[SourceQuality "1"]
[WhiteTeam "KKS"]
[BlackTeam "Gescher"]
[WhiteTeamCountry "GER"]
[BlackTeamCountry "GER"]

1. e4 e5 2. Nf3 Nc6 3. d4 exd4 4. Bc4 Nf6 5. e5 Ng4 6. Qe2 Qe7 7. Bf4 f6 8. exf6 Qxe2+ 9. Bxe2 Nxf6 10. 0-0 Bc5 11. Nbd2 Nh5 12. Bxc7 d6 13. Nb3 Kd7 14. Ba5 Nxa5 15. Nxa5 Nf4 16. Bc4 a6 17. Rfd1 b6 18. Nb3 Bb7 19. Nbxd4 Raf8 20. Bf1 g5 21. Nb3 Nh3+ 22. gxh3 Bxf3 23. Nxc5+ bxc5 24. Rd2 a5 25. Bb5+ Kc7 26. Re1 Rf6 27. Re7+ Kb6 28. a4 d5 29. Be2 Bxe2 30. Rdxe2 c4 31. c3 h6 32. Rd7 Kc6 33. Ra7 Kb6 34. Rae7 Rd8 35. Rd2 Kc6 36. Kg2 Rfd6 37. Rd4 Rf8 38. Re5 Rdf6 39. Rd2 Rd6 40. Kg3 Rff6 41. h4 gxh4+ 42. Kxh4 Rf3 43. Kg4 Rdf6 44. Re6+ Rxe6 45. Kxf3 Kc5 46. Kg4 Rg6+ 47. Kf5 Rg2 48. h3 Rg5+ 49. Kf4 Rh5 50. Kg4 Rg5+ 51. Kh4 Rf5 52. Kg3 Rg5+ 53. Kh2 Rf5 54. h4 Rf8 55. Kg3 Rg8+ 56. Kh3 Rf8 57. Kg4 Kd6 58. Re2 d4 59. cxd4 Kd5 60. Rd2 Rb8 61. f4 Ke4 62. d5 Ke3 63. Rd1 Rxb2 64. d6 Rb8 65. d7 Rd8 66. Kf5 Ke2 67. Rd6 c3 68. Ke6 c2 69. Rc6 Kd2 70. Ke7 Rh8 71. d8Q+ Rxd8 72. Kxd8 c1Q 73. Rxc1 Kxc1 74. f5 1-0

[Event "Oberliga NRW 0405"]
[Site "Germany"]
[Date "2004.12.12"]
[Round "4.4"]
[White "Snuverink, Jochem"]
[Black "Maslak, Sulejman"]
[Result "0-1"]
[WhiteElo "2219"]
[BlackElo "2270"]
[PlyCount "70"]
[EventDate "2004.10.10"]
[EventType "team-tourn"]
[EventRounds "9"]
[EventCountry "GER"]
[SourceTitle "EXT 2006"]
[Source "ChessBase"]
[SourceDate "2005.11.24"]
[SourceVersion "1"]
[SourceVersionDate "2005.11.24"]
[SourceQuality "1"]
[WhiteTeam "Gescher"]
[BlackTeam "Duisburg/Hochheide"]
[WhiteTeamCountry "GER"]
[BlackTeamCountry "GER"]

1. e4 e6 2. d4 d5 3. Nc3 Nf6 4. Bg5 Be7 5. e5 Nfd7 6. h4 a6 7. Qg4 Kf8 8. Bd3 c5 9. Nf3 Nc6 10. Qf4 cxd4 11. Ne2 Qa5+ 12. Kf1 Bc5 13. Rh3 Qc7 14. Nexd4 Nxd4 15. Nxd4 Qxe5 16. Nxe6+ Qxe6 17. Re1 Qb6 18. Rf3 f6 19. h5 h6 20. Bg6 Kg8 21. Re8+ Nf8 22. Qd2 hxg5 23. b4 Bxb4 24. Qe2 Bd6 25. c4 Rb8 26. cxd5 Bd7 27. Rxb8 Bxb8 28. Qe7 Nxg6 29. Qxd7 Ne5 30. Qc8+ Kf7 31. Qxh8 Qb1+ 32. Ke2 Qxa2+ 33. Ke3 Bc7 34. Rxf6+ Kxf6 35. Qf8+ Nf7 0-1

[Event "Ghent op 27th"]
[Site "Ghent"]
[Date "2004.07.19"]
[Round "5"]
[White "Miezis, Normunds"]
[Black "Snuverink, Jochem"]
[Result "1-0"]
[WhiteElo "2502"]
[BlackElo "2282"]
[PlyCount "73"]
[EventDate "2004.07.17"]
[EventType "swiss"]
[EventRounds "9"]
[EventCountry "BEL"]
[SourceTitle "CBM 101 Extra"]
[Source "ChessBase"]
[SourceDate "2004.09.01"]
[SourceVersion "2"]
[SourceVersionDate "2004.09.01"]
[SourceQuality "1"]

1. c4 c5 2. Nc3 Nc6 3. g3 g6 4. Bg2 Bg7 5. d3 d6 6. a3 Bd7 7. Bd2 Rb8 8. Rb1 a5 9. e4 e5 10. f4 Nge7 11. Nf3 0-0 12. 0-0 f5 13. fxe5 Nxe5 14. Nxe5 Bxe5 15. Bg5 Bd4+ 16. Kh1 Bf6 17. Bxf6 Rxf6 18. b4 axb4 19. axb4 cxb4 20. Rxb4 Nc6 21. Rb1 fxe4 22. Nxe4 Rxf1+ 23. Qxf1 Bf5 24. Qf4 Ne5 25. Qe3 Qe7 26. Qa7 Nc6 27. Qa3 Bxe4 28. Bxe4 Rf8 29. Qa1 h5 30. Re1 Qg5 31. Qc1 Qa5 32. Bxg6 Ne5 33. Be4 Ng4 34. Bd5+ Kh7 35. h3 Nf6 36. Re7+ Kg6 37. h4 1-0

[Event "NED-ch59 sf"]
[Site "Leeuwarden"]
[Date "2004.02.29"]
[Round "1.2"]
[White "Solleveld, Maarten"]
[Black "Snuverink, Jochem"]
[Result "1-0"]
[WhiteElo "2484"]
[BlackElo "2204"]
[PlyCount "107"]
[EventDate "2004.02.28"]
[EventType "k.o."]
[EventRounds "3"]
[EventCountry "NED"]
[SourceTitle "CBM 098 Extra"]
[Source "ChessBase"]
[SourceDate "2004.03.10"]
[SourceVersion "2"]
[SourceVersionDate "2004.03.10"]
[SourceQuality "1"]

1. e4 c5 2. Nf3 Nc6 3. d4 cxd4 4. Nxd4 e5 5. Nb5 d6 6. N1c3 a6 7. Na3 b5 8. Nd5 Nge7 9. c4 Nxd5 10. cxd5 Nd4 11. Bd3 Be7 12. 0-0 0-0 13. Be3 Bd7 14. Qd2 Qb8 15. f4 f5 16. Bxd4 exd4 17. exf5 Qb7 18. Rae1 Bxf5 19. Nc2 Bd8 20. Bxf5 Rxf5 21. Re8+ Kf7 22. Rfe1 Bb6 23. Qd3 Rxf4 24. R8e4 Rxe4 25. Rxe4 Kg8 26. Nb4 Rf8 27. h3 Qf7 28. Kh2 Qf1 29. Re2 Qf4+ 30. Kh1 Qf1+ 31. Kh2 Qf4+ 32. Kh1 Bd8 33. Nc6 Bh4 34. Rd2 Bg3 35. Rd1 Qe3 36. Qxd4 Qe2 37. Rc1 Rf2 38. Rg1 Qxb2 39. Qg4 Qf6 40. Qxg3 Rxa2 41. Qe3 h6 42. Qe8+ Kh7 43. Ne7 h5 44. Qxh5+ Qh6 45. Qf5+ g6 46. Qe6 Qg7 47. Rf1 Ra1 48. Rxa1 Qxa1+ 49. Kh2 Qg7 50. Qxd6 b4 51. Qxb4 Qe5+ 52. Kg1 a5 53. Qh4+ Kg7 54. Qh8+ 1-0

[Event "Muensterland Verbandsklasse-A 0304"]
[Site "Germany"]
[Date "2004.01.17"]
[Round "5.1"]
[White "Lemli, Thomas"]
[Black "Snuverink, Jochem"]
[Result "0-1"]
[WhiteElo "2099"]
[BlackElo "2175"]
[PlyCount "150"]
[EventDate "2003.09.20"]
[EventType "team"]
[EventRounds "9"]
[EventCountry "GER"]
[SourceTitle "EXT 2005"]
[Source "ChessBase"]
[SourceDate "2004.11.15"]
[SourceVersion "1"]
[SourceVersionDate "2004.11.15"]
[SourceQuality "1"]
[WhiteTeam "Emsdetten Rochade"]
[BlackTeam "Gesch II"]
[WhiteTeamCountry "GER"]
[BlackTeamCountry "GER"]

1. Nf3 c5 2. c4 Nf6 3. Nc3 b6 4. g3 Bb7 5. Bg2 e6 6. 0-0 Be7 7. b3 d5 8. cxd5 exd5 9. d4 Nbd7 10. Bb2 0-0 11. Rc1 Rc8 12. e3 Qc7 13. Ne5 Rcd8 14. Qc2 Nxe5 15. dxe5 Ng4 16. Rfd1 Nxe5 17. Nxd5 Bxd5 18. Rxd5 Bf6 19. Rcd1 Ng4 20. h3 Bxb2 21. Qxb2 Nf6 22. R5d2 h6 23. Kh2 h5 24. Kg1 Qe7 25. Qc2 Rfe8 26. a4 Qc7 27. Qc3 Qe7 28. Qc2 a5 29. Qc4 Rxd2 30. Rxd2 Qe5 31. Bf3 Qf5 32. Kg2 Qe5 33. h4 Qf5 34. Qd3 Qe6 35. Qc4 Qe5 36. Qd3 Re7 37. Qd6 Qe6 38. Qxe6 Rxe6 39. Rd3 Ng4 40. Rd2 Kf8 41. Rd5 g6 42. Bxg4 hxg4 43. Rd3 Ke7 44. f3 f5 45. Kf2 gxf3 46. Kxf3 Re4 47. Rd1 Rb4 48. Rd3 c4 49. bxc4 Rxc4 50. Rb3 Rb4 51. Ra3 Kd6 52. Rd3+ Kc5 53. Ra3 Rc4 54. Ra1 b5 55. axb5 Kxb5 56. h5 gxh5 57. Rh1 a4 58. Rxh5 Rc5 59. Rh8 a3 60. Ra8 Kb4 61. Rb8+ Rb5 62. Ra8 Ra5 63. Rb8+ Kc3 64. Rc8+ Kd3 65. Rd8+ Kc2 66. Rc8+ Kd2 67. Rd8+ Ke1 68. Rc8 Kd2 69. Rd8+ Ke1 70. Rc8 a2 71. Rc1+ Kd2 72. Ra1 Ra4 73. Rf1 a1Q 74. Rxa1 Rxa1 75. Kf4 Rf1+ 0-1

[Event "Muensterland Verbandsklasse-A 0304"]
[Site "Germany"]
[Date "2003.11.15"]
[Round "3.1"]
[White "Snuverink, Jochem"]
[Black "Lerke, Bernd"]
[Result "1-0"]
[WhiteElo "2175"]
[BlackElo "2032"]
[PlyCount "89"]
[EventDate "2003.09.20"]
[EventType "team"]
[EventRounds "9"]
[EventCountry "GER"]
[SourceTitle "EXT 2005"]
[Source "ChessBase"]
[SourceDate "2004.11.15"]
[SourceVersion "1"]
[SourceVersionDate "2004.11.15"]
[SourceQuality "1"]
[WhiteTeam "Gesch II"]
[BlackTeam "Nordwalde"]
[WhiteTeamCountry "GER"]
[BlackTeamCountry "GER"]

1. e4 e6 2. d4 c5 3. d5 exd5 4. exd5 d6 5. Nf3 Nf6 6. Bd3 Be7 7. c4 Bg4 8. h3 Bh5 9. Nc3 Nbd7 10. Bf4 0-0 11. g4 Bg6 12. Qc2 Re8 13. 0-0-0 a6 14. Kb1 b5 15. cxb5 axb5 16. Bxg6 hxg6 17. Nxb5 Nb6 18. Nc3 Qd7 19. Rhe1 Qb7 20. Qb3 Reb8 21. Re2 Bf8 22. g5 Nfd7 23. Ka1 c4 24. Qb5 Nc5 25. Nd4 Nca4 26. Nc6 Nxc3 27. bxc3 Na4 28. Qxb7 Rxb7 29. Rc2 Nc5 30. Nb4 Be7 31. Re2 f6 32. h4 Kf7 33. f3 Rh8 34. Be3 Na4 35. Bd4 Rxh4 36. Nc6 fxg5 37. Rde1 Bf6 38. Bxf6 Kxf6 39. Re6+ Kf5 40. Ne7+ Kf4 41. Nxg6+ Kxf3 42. Nxh4+ gxh4 43. Rf1+ Kg2 44. Rf4 Nxc3 45. Rg6+ 1-0

[Event "Muensterland Verbandsklasse-A 0304"]
[Site "Germany"]
[Date "2003.10.04"]
[Round "2.1"]
[White "Miemietz, Carsten"]
[Black "Snuverink, Jochem"]
[Result "0-1"]
[WhiteElo "1775"]
[BlackElo "2175"]
[PlyCount "44"]
[EventDate "2003.09.20"]
[EventType "team"]
[EventRounds "9"]
[EventCountry "GER"]
[SourceTitle "EXT 2005"]
[Source "ChessBase"]
[SourceDate "2004.11.15"]
[SourceVersion "1"]
[SourceVersionDate "2004.11.15"]
[SourceQuality "1"]
[WhiteTeam "Muenster V"]
[BlackTeam "Gesch II"]
[WhiteTeamCountry "GER"]
[BlackTeamCountry "GER"]

1. c4 c6 2. Nc3 Nf6 3. Nf3 d5 4. cxd5 cxd5 5. d4 Ne4 6. Nxe4 dxe4 7. Ng5 Bf5 8. g4 Bxg4 9. Nxe4 e6 10. a3 Nc6 11. Be3 f5 12. Ng3 Bd6 13. h3 f4 14. hxg4 fxe3 15. Ne4 Qa5+ 16. Nc3 exf2+ 17. Kxf2 0-0+ 18. Kg2 Qg5 19. Rh3 Rf4 20. e3 Rxg4+ 21. Kf2 Rf8+ 22. Ke2 Rg2+ 0-1

[Event "St Jean op"]
[Site "St Jean"]
[Date "2002.08.25"]
[Round "9"]
[White "Snuverink, Jochem"]
[Black "Pahud, Cedric"]
[Result "1-0"]
[WhiteElo "2136"]
[BlackElo "2082"]
[PlyCount "53"]
[EventDate "2002.??.??"]
[EventType "swiss"]
[EventRounds "9"]
[EventCountry "SUI"]
[SourceTitle "EXT 2003"]
[Source "ChessBase"]
[SourceDate "2002.11.25"]
[SourceVersion "1"]
[SourceVersionDate "2002.11.25"]
[SourceQuality "1"]

1. e4 c5 2. Nf3 d6 3. d4 cxd4 4. Nxd4 Nf6 5. Nc3 a6 6. Bc4 e6 7. Bb3 b5 8. 0-0 Be7 9. Qf3 Qb6 10. Be3 Qb7 11. Qg3 b4 12. Na4 Nbd7 13. f3 0-0 14. c3 bxc3 15. bxc3 Ne5 16. Rad1 Bd7 17. Nb6 Nh5 18. Qh3 Nf4 19. Bxf4 Qxb6 20. Be3 Qc7 21. f4 Nc4 22. Bc1 a5 23. Rf3 a4 24. Bc2 Bf6 25. e5 g6 26. exf6 e5 27. Qh6 1-0